| 000 | 01767nam a2200565 a 4500 | ||
|---|---|---|---|
| 001 | 20007 | ||
| 003 | VRT | ||
| 005 | 20260113153758.0 | ||
| 008 | 111018s2010 xo g 000 f slo d | ||
| 020 | _a9788022205917 (viaz.) | ||
| 035 | _aa000450098 | ||
| 039 | 9 |
_a202210041423 _bgluc _c201403260958 _duhliarova _c201402131051 _ddrlickoj _c201112131100 _dmuro |
|
| 040 |
_aZKSE _bslo _cUKB _dSVKBB _eAACR2 |
||
| 041 | 1 |
_aslo _hger |
|
| 044 |
_axo _cSK |
||
| 072 | 7 |
_a821.112.2-3 _xNemecká próza, nemecky písaná _2konspekt |
|
| 080 |
_a821.112.2(436)-31 _22001 |
||
| 080 |
_a(0:82-31) _22001 |
||
| 080 |
_a(0:82-6) _22001 |
||
| 100 | 1 |
_aGlattauer, Daniel, _d1960- |
|
| 240 | 1 | 0 |
_aGut gegen Nordwind. _lSlovensky |
| 245 | 1 | 0 |
_aPriateľ do dažďa _cDaniel Glattauer ; [z nemeckého originálu preložila Eva Melichárková] |
| 250 | _a1. vyd. | ||
| 260 |
_aBratislava _bTatran _c2010 |
||
| 300 | _a213, [1] s. | ||
| 490 | 1 |
_aLUK : knižnica svetových bestsellerov _vzv. 80 |
|
| 530 | _aDostupný aj zvukový záznam | ||
| 653 | _a821.112.2(436)-31 | ||
| 653 | _a(0:82-31) | ||
| 653 | _a(0:82-6) | ||
| 655 | 7 |
_arakúske romány _2UKBPH |
|
| 655 | 7 |
_akorešpondencia _2UKBPH |
|
| 700 | 1 |
_aMelichárková, Eva, _d1945- _4trl |
|
| 776 | 0 |
_tPriateľ do dažďa _i[zvukový záznam] |
|
| 830 | 0 | _aLUK - Knižnica svetových bestsellerov | |
| 910 | _asezk | ||
| 910 | _asllk | ||
| 910 | _apppk | ||
| 910 | _attkjf | ||
| 910 | _asvkbb | ||
| 910 | _asavuk | ||
| 910 | _avthk | ||
| 910 | _apokpoh | ||
| 910 | _ahevk | ||
| 910 | _aukb | ||
| 942 |
_2ddc _cKLDO _n0 |
||
| 949 |
_61800515953 _aSL.D.83567 _bPV.10585-2011 |
||
| 949 |
_61800515954 _aSK.D.51744 _bPV.10586-2011 _s6707:20111215 |
||
| 999 |
_c20007 _d20007 |
||